Quizzes
Events
Quiz Creation
Community
Videos
Private Events
Remove Ads
Sign In
Join for FREE
Feedback
Dark Mode
Quiz Categories
Sports
Geography
Music
Movies
Television
Just For Fun
Miscellaneous
History
Literature
Language
Science
Gaming
Entertainment
Religion
Holiday
For Kids
Quiz Lab
Recent
Popular Today
Quiz Kudos Today
Editor Picks
Curator Picks
Quizzes by...
Day
Popularity
Type
Ratings
Length
Year
Community
Subscriptions
Recent Discussions
Orange Saloon
Badges
Playlists
Quests
Create
Leaderboards
Showdown
Live 5
Trivia Bingo
Activity
Puzzle Library
Sporcle Events
Private Events
Virtual Trivia
Globe League
Become a Host
Pub Owners
SporcleCon
Opinionation
Our Games
Videos
Blog
Mobile Apps
Partnerships
Remove Ads and Go Orange
Feedback
Geography
Country
Landmarks
City
State
Population
World
Capital
Continent
Flags
Europe
Africa
Asia
South America
North America
Oceania
Border
Canada
United Kingdom
Topography
United States
Geography
Country
Landmarks
City
State
Population
World
Capital
Continent
Flags
Europe
Africa
Asia
South America
North America
Oceania
Border
Canada
United Kingdom
Topography
United States
Random Quiz
Search Sporcle
×
Quiz Lab
Quiz Lab
Geography
Topography
Type in answers that appear in a list
Type in answers that appear in a list
Classic
Best Score? Go Orange.
Primary Rivers of South Carolina Stats
Can you name the Primary Rivers of South Carolina?
By
Scotsmenrule
6m
23 Questions
82 Plays
82 Plays
82 Plays
Comments
Comments
Give Quiz Kudos
Give Quiz Kudos
-
- Ratings
hide this ad
Random Order
Randomize order of answers
Randomize order of answers
Replay
Link that replays current quiz
Next Quiz
Link to next quiz in quiz playlist
You Got
0%
They Got
Avg Score
49%
Avg Friend Score
Upgrade to see
Score Distribution
Jump to the score distribution portion of the page
Score
0/23
Timer
06:00
0
Plays Today
Within the Counties of...
Rivers
% Correct
Anderson, Abbeville, McCormick, Edgefield, Aiken, Barnwell, Allendale, Hampton, & Jasper
Savannah
79.3%
Chesterfield, Marlboro, Darlington, Florence, Dillon, Marrion, Williamsburg, & Georgetown
Great Pee Dee
78%
Berkeley, Dorchester, & Charleston
Ashley
76.8%
Berkeley
Cooper
72%
Cherokee, York, Union, Chester, Fairfield, Newberry, & Richland
Broad
69.5%
Pickens, Anderson, Greenville, Abbeville, Laurens, Greenwood, Newberry, Saluda, & Lexington
Saluda
67.1%
Richland, Lexington, Calhoun, & Sumter
Congaree
65.9%
Edgefield, Aiken, Lexington, Barnwell, Orangeburg, Bamberg, Dorchester, Charleston, & Colleton
Edisto (North & South Forks)
61%
Williamsburg, Berkeley, Georgetown, & Charleston
Santee
58.5%
York, Lancaster, Chester, & Fairfield
Catawba
54.9%
Marlboro, Dillon, & Marion
Little Pee Dee
47.6%
Sumter, Clarendon, Williamsburg, & Georgetown
Black
47.6%
Within the Counties of...
Rivers
% Correct
Greenville, Spartanburg, Union, & Newberry
Tyger
46.3%
Horry & Georgetown
Waccamaw
46.3%
Lancaster, Chesterfield, Kersaw, Darlington, Lee, Sumter, & Florence
Lynches
39%
Kersaw, Richland, & Sumter
Wateree
37.8%
Greenville & Laurens
Reedy
35.4%
Oconee
Chatooga
32.9%
Greenville, Spartanburg, Laurens, Union, & Newberry
Enoree
29.3%
Colleton
Ashepoo
25.6%
Georgetown
Sampit
20.7%
Spartanburg, Cherokee, & Union
Pacolet
19.5%
Bamberg, Colleton, Hampton, & Beaufort
Combahee
18.3%
Quiz Playlist
Details
Report
Send in Message
Add To Playlist
Classic:
Type in answers that appear in a list
Random Order:
Randomize order of answers
Last Updated: Feb 16, 2017
Quiz Scoreboard
CHALLENGE
Sign Up to Join the Scoreboard
Show All
Scores
Hide
Comments
May contain spoilers
Recently Published
9x9 Crossword: Cartoon Network
by jackfrog10
Miscellaneous
3m
College Basketball Coaching Resumes
by pancakes188
Sports
9m
Billboard Blitz: Fleetwood Mac
by CooCooCachoo
Music
15s
More to Explore
Quiz From the Vault
Featured Blog Post
Where Did the Easter Bunny Come From?
hide this ad
You Might Also Like...
Tags
State Quiz
Topography Quiz
columbia
River
south
South Carolina
southeast
Today's Top Quizzes in Geography
Browse Geography
hide this ad
Today's Top Quizzes in Topography
Browse Topography
Top Contributed Quizzes in Geography
1
Countries of the World - No Outlines Minefield
2
Top 25 Cities of France on a map
3
Any capital of a 'B' country per Continent
4
Any capital of a 'C' country per Continent
5
Closest Countries to UK A-Z
6
Any capital of a 'D' country per Continent
7
5-to-1: US Geography No Hints
8
Any capital of an 'E' country per Continent
9
Find the US States - No Outlines
10
Any capital of an 'F' country per Continent
Explore More
Trending Topics
Kpop
Anime
Disney
NBA
Harry Potter
Crossword
Marvel
NFL
Country
Puzzle
WWE
Soccer
Song
The Office
Pokémon
hide this ad
More By:
Scotsmenrule
Quiz
Plays
Rating
Category
Featured
Created
Israel at War with Who?
4,221
3.75
History
May 13, 2013
The Birth of Israel: U.N. Members that voted 'Yes'
3,916
4.70
History
Apr 20, 2013
Fascist Regimes
1,466
2.50
History
May 12, 2013
We Shall Fight Them On the Beaches
1,369
4.64
History
Jun 20, 2013
The U.S. Constitution: The Supremacy Clause
830
4.56
History
Apr 1, 2013
Go to Creator's Profile
Score Distribution
Quiz Creator Spotlight
Scotsmenrule
Follow
Send a Message
Quizzes Created
-
Created Quiz Play Count
-
More By This Creator
Popular Quizzes Today
1
Find the US States - No Outlines Minefield
2
Find the Countries of Europe - No Outlines Minefield
3
The Countries of the World
4
Find the US States
5
Risky Map Clicking: Biggest States A-Z
6
US States
7
Popular People in 1961
8
Movies - When Are They Set?
More Geography Quizzes
A Dozen Atolls
Quiz Lab
Trending Quizzes
Risky Map Clicking: Least Populous States A-Z
1-10 Letter G Words
1-10 Letter F Words
Risky Map Clicking: Next State Alphabetically
Adjectives in 80s TV Shows
Recently Updated
Leaping Animals
pecheneg
Reality TV Shows (A-Z)
bhenderson79
Rickey Henderson's Hall of Fame Teammates
pecheneg
Champions League XIs: Arsenal
pecheneg
Quick Pick: Celebrities in WWE's Hall of Fame
aduchscher
A-Z Keypad Blitz II
pecheneg
Multiple Oscar Actors
pecheneg
Mystery Phrase Blitz: Oscar 'Best Actors'
pecheneg
F. Scott Fitzgerald Novels
LTH
Pick 3 Villains
ddd62291
Trending Topics
Kpop
NBA
Harry Potter
Anime
Disney
Crossword
Marvel
Song
Puzzle
The Office
Pokémon
NFL
WWE
Soccer
Country
Your Account Isn't Verified!
In order to create a playlist on Sporcle, you need to verify the email address you used during registration. Go to your
Sporcle Settings
to finish the process.
Report this User
Report this user for behavior that violates our
Community Guidelines
.
Details:
Send Report
Go to the Sporcle.com Mobile Site →
Comments